[Event "38th Olympiad"]
[Site "Dresden GER"]
[Date "2008.11.20"]
[Round "7"]
[White "Santa Torres,J"]
[Black "El Debs,F"]
[Result "1-0"]
[WhiteElo "2233"]
[BlackElo "2447"]
[EventDate "2008.11.13"]

1. d4 c5 2. e3 Nf6 3. Nf3 d5 4. c3 cxd4 5. exd4 Nc6 6. Bd3 Bg4 7. Bf4 e6 8.
Nbd2 Bd6 9. Bxd6 Qxd6 10. O-O Bh5 11. Re1 O-O 12. Qb3 Nd7 13. Qc2 Bg6 14.
Bxg6 hxg6 15. Qd3 Qf4 16. g3 Qf5 17. Qxf5 gxf5 18. Nb3 b6 19. Nc1 Nf6 20.
Nd3 Ne4 21. Nfe5 Ne7 22. f3 Nd6 23. Nf4 Rfe8 24. h4 f6 25. Ned3 Kf7 26.
Rxe6 Nb5 27. Rae1 Nc7 28. R6e2 Nc6 29. Rxe8 Rxe8 30. Rxe8 Kxe8 31. h5 Ke7
32. Kf2 Kd6 33. Ne1 a5 34. Nc2 a4 35. Ke2 Nb5 36. Kd3 Ne7 37. Ne3 Na7 38.
Kc2 Nac6 39. b3 axb3+ 40. axb3 b5 41. Kd3 Nd8 42. Ng6 Ndc6 43. Nxe7 Nxe7
44. c4 bxc4+ 45. bxc4 dxc4+ 46. Kxc4 f4 47. gxf4 Kd7 48. Kc5 Ke6 49. d5+
Kd7 50. d6 Nc6 51. Nf5 Nd8 52. Nxg7 Nb7+ 53. Kd5 Nxd6 54. h6 Nf7 55. h7 Nh8
56. f5 Ke7 57. Nh5 Nf7 58. Nf4 Kf8 59. Ng6+ Kg7 60. Ke4 1-0

[Event "38th Olympiad"]
[Site "Dresden GER"]
[Date "2008.11.20"]
[Round "7"]
[White "Braga,C"]
[Black "Raul,V"]
[Result "1-0"]
[WhiteElo "2415"]
[BlackElo "2099"]
[EventDate "2008.11.13"]

1. e4 c5 2. d3 Nc6 3. g3 g6 4. Bg2 Bg7 5. f4 d6 6. Nf3 e6 7. O-O Nge7 8. c3
O-O 9. Be3 f5 10. Na3 Rb8 11. Re1 b5 12. e5 Nd5 13. Bf2 Kh8 14. d4 cxd4 15.
cxd4 Na5 16. Rc1 b4 17. Nc4 Nxc4 18. Rxc4 Ba6 19. Rc6 Rb6 20. Rxb6 Nxb6 21.
Ng5 Bc8 22. Qb3 d5 23. Qxb4 h6 24. Nf3 Rf7 25. Rc1 Bf8 26. Qa5 Rc7 27. Rxc7
Qxc7 28. Bf1 Be7 29. Be3 Bd7 30. Bd3 Qb8 31. b3 Kg7 32. Bd2 Nc8 33. Kf2 Kf7
34. h4 Kg7 35. Ke3 Nb6 36. Ke2 Nc8 37. Ne1 Be8 38. Nc2 g5 39. fxg5 hxg5 40.
Bxg5 Bxg5 41. hxg5 Nb6 42. g4 fxg4 43. Qe1 Bg6 44. Qh4 Bxd3+ 45. Kxd3 Qg8
46. Qxg4 Qh7+ 47. Kc3 Qg6 48. Nb4 a5 49. Nd3 Nd7 50. Qh4 Nf8 51. Qh6+ Qxh6
52. gxh6+ Kxh6 53. Nc5 Kg6 54. a4 Kf7 55. b4 axb4+ 56. Kxb4 Ke7 57. Kb5 Kd8
58. Kb6 Kc8 59. a5 Kb8 60. a6 Ka8 61. Kc7 1-0

[Event "38th Olympiad"]
[Site "Dresden GER"]
[Date "2008.11.20"]
[Round "7"]
[White "Bermudez Adams,W"]
[Black "Diamant,A"]
[Result "1/2-1/2"]
[WhiteElo "2169"]
[BlackElo "2412"]
[EventDate "2008.11.13"]

1. e4 c5 2. Nc3 a6 3. f4 e6 4. Nf3 b5 5. d3 Bb7 6. g3 Nf6 7. Bg2 d5 8. e5
d4 9. exf6 dxc3 10. O-O Qxf6 11. bxc3 Bd6 12. f5 O-O 13. fxe6 Qxe6 14. Ng5
Qd7 15. Qh5 h6 16. Ne4 f5 17. Nxd6 Bxg2 18. Kxg2 Qxd6 19. Rxf5 Nd7 20.
Rxf8+ Rxf8 21. Bf4 Qc6+ 22. Kg1 g5 23. Bxg5 hxg5 24. Qxg5+ Kh7 25. Re1 Qg6
26. Qh4+ Kg8 27. Re4 Nf6 28. Re5 Nh7 29. Rxc5 Qe6 30. Qe4 Qxe4 31. dxe4 Re8
32. Rc6 Rxe4 33. Rxa6 Re2 34. Rb6 Rxc2 35. Rxb5 Rxa2 36. Rf5 Rc2 37. h4
Rxc3 38. Kg2 Kg7 39. Rf3 Rc5 40. Kh3 Nf6 41. Ra3 Kg6 42. Re3 Ra5 43. Rb3
Re5 44. Ra3 Ne4 45. Rf3 Rb5 46. Ra3 Re5 47. Rf3 Ra5 48. Rb3 Kf5 49. Rf3+
Ke5 50. g4 Ra1 51. g5 Nd6 52. g6 Nf5 53. h5 Rh1+ 54. Kg4 Rg1+ 55. Kh3 Kf6
56. Kh2 Rg5 57. Rh3 Kg7 58. Ra3 Rxh5+ 59. Kg2 Kxg6 60. Ra6+ Kg5 61. Kf3 Rh4
62. Ra8 Rf4+ 63. Ke2 Rd4 64. Kf3 Rd3+ 65. Ke4 Re3+ 66. Kd5 Re2 67. Ra4 Rd2+
68. Ke5 Ne7 69. Ra1 Re2+ 70. Kd6 Kf6 71. Rf1+ Nf5+ 72. Kd5 Rd2+ 73. Kc5 Ke6
74. Re1+ Kd7 75. Rh1 Ne3 76. Rh7+ Ke6 77. Rh8 Rc2+ 78. Kd4 Nf5+ 79. Kd3 Rg2
80. Ra8 Rg3+ 81. Ke4 Nd6+ 82. Kf4 Rb3 83. Ra6 Rb5 84. Ra1 Rf5+ 85. Ke3 Rh5
86. Kd4 Rh4+ 87. Kd3 Nb5 88. Ra8 Kd5 89. Ke3 1/2-1/2

[Event "38th Olympiad"]
[Site "Dresden GER"]
[Date "2008.11.20"]
[Round "7"]
[White "Djuraev,S"]
[Black "Peiris,T"]
[Result "1-0"]
[WhiteElo "2339"]
[BlackElo "2100"]
[EventDate "2008.11.13"]

1. e4 c5 2. Nf3 d6 3. d4 cxd4 4. Nxd4 Nf6 5. f3 Nc6 6. c4 e6 7. Nc3 Be7 8.
Be3 O-O 9. Be2 d5 10. exd5 exd5 11. O-O Bc5 12. Kh1 Nxd4 13. Bxd4 Bxd4 14.
Qxd4 dxc4 15. Qxd8 Rxd8 16. Bxc4 Bd7 17. Rfd1 Bc6 18. Kg1 Kf8 19. Kf2 Rac8
20. Bb3 Rd7 21. Rxd7 Nxd7 22. Ne2 Nc5 23. Rd1 g6 24. h4 h5 25. Bc2 Ne6 26.
Bb3 Nc5 27. Rd2 Ke7 28. Nd4 Bd7 29. Bc2 Ne6 30. Ne2 Rc4 31. g3 Rc5 32. b4
Rc7 33. Bb3 b6 34. Rd5 Kf6 35. Rd2 Bc8 36. a3 Ke7 37. Bxe6 Bxe6 38. Nd4 Rc3
39. Nb5 Rb3 40. Nxa7 Rxa3 41. Nc6+ Kf6 42. Rd8 b5 43. Rd4 Bc4 44. Rd6+ Kg7
45. Rd4 Rb3 46. g4 hxg4 47. fxg4 Kf6 48. Rd6+ Be6 49. g5+ Kg7 50. Rd4 Bc4
51. Ke1 Rb2 52. Kd1 Bb3+ 53. Ke1 Bc4 54. Rd2 Rxd2 55. Kxd2 f5 56. Ne5 Bf1
57. Ke3 Bg2 58. Kd4 Bf1 59. Nd7 Kf7 60. Ke5 Be2 61. Nc5 Bc4 62. Nd7 Be2 63.
Kd5 Bc4+ 64. Kd4 Be2 65. Ke3 Bf1 66. Ne5+ Kg7 67. Kf2 Bh3 68. Nc6 Kf7 69.
Nd4 Ke7 70. Nxb5 Ke6 71. Nd4+ Kd5 72. Ne2 Kc4 73. Nf4 Bg4 74. h5 Kd4 1-0

[Event "38th Olympiad"]
[Site "Dresden GER"]
[Date "2008.11.20"]
[Round "7"]
[White "Rajapakse,R"]
[Black "Nazarov,A"]
[Result "0-1"]
[WhiteElo "1646"]
[BlackElo "2344"]
[EventDate "2008.11.13"]

1. d4 d5 2. c4 e6 3. Nc3 Nf6 4. Bg5 Be7 5. cxd5 exd5 6. e3 O-O 7. Bd3 c6 8.
Nf3 Nbd7 9. Qc2 Re8 10. h3 Nf8 11. Bf4 Ng6 12. Bh2 Bd6 13. Bxd6 Qxd6 14.
O-O-O Be6 15. Kb1 Rac8 16. Ng5 Bd7 17. g4 c5 18. dxc5 Qxc5 19. Nf3 b5 20.
g5 b4 21. Ne2 Qb6 22. Qb3 Ne4 23. Bxe4 Rxe4 24. Qxd5 Bc6 25. Qb3 Ree8 26.
Ned4 Be4+ 27. Ka1 Qb7 28. h4 Bd5 29. Qa4 Bxf3 30. Nxf3 Qxf3 31. h5 Ne5 32.
h6 Qxf2 33. Qxb4 Qf5 34. Qd4 Qg6 35. a3 a5 36. Rc1 Rb8 37. Rc5 Nf3 38. Qc3
Nxg5 39. Rc6 Re6 40. Rc8+ Re8 41. Rc6 Ne6 42. e4 Qf6 43. Qc1 Qe5 44. Ka2 g6
45. Rd1 Nd4 46. Rc4 Nb3 47. Qc2 a4 48. Rd5 Qf4 49. Rc7 Qxh6 50. Rdd7 Qh1
51. Rd1 Qxe4 52. Qh2 Qe2 53. Qf4 Qe6 54. Rh1 Nc1+ 55. Ka1 Rbd8 0-1

[Event "38th Olympiad"]
[Site "Dresden GER"]
[Date "2008.11.20"]
[Round "7"]
[White "Khamdamov,S"]
[Black "Annurudha,G"]
[Result "1-0"]
[WhiteElo "2219"]
[BlackElo "2212"]
[EventDate "2008.11.13"]

1. c4 Nf6 2. Nc3 g6 3. d4 Bg7 4. e4 d6 5. f3 O-O 6. Be3 e5 7. Nge2 Nc6 8.
d5 Ne7 9. Qd2 Ne8 10. g4 f5 11. gxf5 gxf5 12. Rg1 f4 13. Bf2 Kh8 14. O-O-O
Bd7 15. c5 Bf6 16. Kb1 Ng6 17. Nc1 Qe7 18. cxd6 cxd6 19. Nb3 Qd8 20. Bb5
Bh3 21. Bxe8 Rxe8 22. Nb5 a6 23. Na3 Bh4 24. Nc4 Bxf2 25. Qxf2 Rc8 26. Rc1
Re7 27. a4 Rec7 28. Qb6 Rd7 29. Qxd8+ Rcxd8 30. Nbd2 Kg7 31. Nb6 Rf7 32.
Rc3 Kf6 33. Rgc1 Nh4 34. Rc7 Rdf8 35. Rxf7+ Rxf7 36. Rc3 Rg7 37. Ndc4 Ke7
38. Na5 Kf6 39. Nac4 Ke7 40. Ka2 h5 41. Na5 Kf6 42. Nbc4 Rd7 43. Nd2 Bg2
44. b4 b5 45. Ka3 Bh1 46. Nc6 Rc7 47. Kb2 Rg7 48. Nb8 Rg2 49. Kc1 Rxd2 50.
Kxd2 Nxf3+ 51. Kd1 Ng5 52. Nxa6 Nxe4 53. Rc1 Ke7 54. Ke2 Bg2 55. axb5 Nf6
56. b6 Bxd5 57. b7 f3+ 58. Kf2 Ng4+ 59. Kg3 Bxb7 60. Rc7+ Kf6 61. Rxb7 e4
62. h3 h4+ 63. Kxg4 f2 64. Rb8 Kf7 65. Rb7+ Kg6 66. Nc5 dxc5 67. Rb6+ Kf7
68. Rb7+ Ke6 69. Rb6+ Kd5 1-0

[Event "38th Olympiad"]
[Site "Dresden GER"]
[Date "2008.11.20"]
[Round "7"]
[White "Saeheng,B"]
[Black "Bachmann,Ax"]
[Result "0-1"]
[WhiteElo "2314"]
[BlackElo "2555"]
[EventDate "2008.11.13"]

1. d4 Nf6 2. Nf3 g6 3. c4 Bg7 4. Nc3 O-O 5. e4 d6 6. Be2 e5 7. dxe5 dxe5 8.
Qxd8 Rxd8 9. Bg5 c6 10. O-O Na6 11. Rfd1 Re8 12. h3 Nc5 13. Nd2 Ne6 14. Be3
Bf8 15. Rac1 a5 16. Na4 Nd4 17. Bf1 Be6 18. a3 Rad8 19. Nf3 Nb3 20. Rxd8
Rxd8 21. Rc3 Rd1 22. Nxe5 Bd6 23. Rd3 Rxf1+ 24. Kxf1 Bxe5 25. Rd8+ Kg7 26.
f3 Bxc4+ 27. Kg1 Be6 28. Rd1 b5 29. Nc3 Bc4 30. Rd8 b4 31. axb4 axb4 32.
Na4 Be6 33. Kf2 h6 34. h4 Nd7 35. g4 Bf6 36. Ra8 Bxh4+ 37. Kg2 Bf6 38. Kg3
g5 39. Ra7 Ne5 40. Rb7 Nc4 41. Bg1 Nxb2 42. Rxb4 Nd3 43. Rb7 Be5+ 44. Kg2
Nf4+ 45. Kf2 Bd4+ 0-1

[Event "38th Olympiad"]
[Site "Dresden GER"]
[Date "2008.11.20"]
[Round "7"]
[White "Franco Ocampos,Z"]
[Black "Pornariyasombat,A"]
[Result "1-0"]
[WhiteElo "2501"]
[BlackElo "2173"]
[EventDate "2008.11.13"]

1. Nf3 c5 2. c4 g6 3. e4 Bg7 4. d4 cxd4 5. Nxd4 Nc6 6. Be3 Nf6 7. Nc3 O-O
8. Be2 d6 9. O-O Nxd4 10. Bxd4 Bd7 11. Qd2 Bc6 12. f3 Nd7 13. Be3 a5 14. b3
f5 15. exf5 Rxf5 16. Bd3 Rf8 17. Kh1 Ne5 18. Be4 Kh8 19. Rac1 Ra6 20. Rfd1
Qc8 21. Nd5 Rf7 22. c5 Qd8 23. Nc3 Bf8 24. Qe2 Qc8 25. Bd5 Bxd5 26. Nxd5
Qf5 27. Bd4 Bg7 28. f4 Nc6 29. Bxg7+ Kxg7 30. Nc7 dxc5 31. g4 Qc8 32. Nxa6
bxa6 33. Rxc5 Rxf4 34. Rdc1 Rf6 35. g5 Rd6 36. Qe4 Qd7 37. Rxc6 Rd1+ 38.
Rxd1 Qxd1+ 39. Kg2 Qd2+ 40. Kh3 Qxg5 41. Qd4+ e5 42. Qd7+ Kh6 43. Qg4 Qe3+
44. Qg3 Qa7 45. Qh4+ Kg7 46. Qf6+ Kh6 47. Qf8+ Kh5 48. Qf3+ Kh6 49. Rc3
Qd7+ 50. Qg4 Qd6 51. Qe4 Qe6+ 52. Kg3 Qd6 53. Rc6 Qd7 54. Rxa6 Qc7 55. Rc6
Qd7 56. Qe3+ Kh5 57. Qxe5+ Kh6 58. Qf4+ 1-0

[Event "38th Olympiad"]
[Site "Dresden GER"]
[Date "2008.11.20"]
[Round "7"]
[White "Teerapabpaisit,W"]
[Black "Kropff,R"]
[Result "0-1"]
[WhiteElo "2306"]
[BlackElo "2286"]
[EventDate "2008.11.13"]

1. e4 c6 2. d4 d5 3. f3 dxe4 4. fxe4 e5 5. Nf3 Be6 6. dxe5 Qxd1+ 7. Kxd1
Nd7 8. Bf4 O-O-O 9. Bd3 Ne7 10. Nbd2 Ng6 11. Bg3 Bc5 12. Ke2 Rhe8 13. h3
Bb6 14. Rhf1 Bc7 15. Ng5 Ndxe5 16. Rad1 f6 17. Nxe6 Rxe6 18. Rf5 Rd7 19.
Nb3 Nxd3 20. Bxc7 Rxe4+ 21. Kf1 Kxc7 22. cxd3 Rf4+ 23. Rxf4 Nxf4 24. d4 Ne6
25. Ke2 b6 26. Ke3 Rd5 27. Rf1 Rb5 28. Kd3 a5 29. Kc3 Rg5 30. g4 h5 31. Re1
Nf4 32. gxh5 Nd5+ 33. Kd2 Rxh5 34. Rg1 g5 35. Rg3 Rh4 36. Kc2 Nf4 37. Re3
Kd7 38. Nd2 Rxh3 39. Re4 Rh2 40. Re1 f5 41. b3 g4 42. Kd1 Nd5 0-1

[Event "38th Olympiad"]
[Site "Dresden GER"]
[Date "2008.11.20"]
[Round "7"]
[White "Samakov,N"]
[Black "Klasan,V"]
[Result "1-0"]
[WhiteElo "2340"]
[BlackElo "2326"]
[EventDate "2008.11.13"]

1. e4 c5 2. Nc3 d6 3. f4 g6 4. Nf3 Bg7 5. Bc4 Nc6 6. O-O e6 7. d3 Nge7 8.
f5 d5 9. Bb3 c4 10. dxc4 d4 11. f6 Bxf6 12. e5 Nxe5 13. Ne4 Bg7 14. Bg5
Nxf3+ 15. Qxf3 f5 16. c5 Be5 17. Nf6+ Bxf6 18. Bxf6 O-O 19. Be5 Nc6 20. Bd6
Re8 21. Rae1 Qf6 22. Rf2 Kg7 23. Ba4 Bd7 24. Qb3 Qf7 25. Qxb7 Rac8 26. b4
Nb8 27. b5 1-0

[Event "38th Olympiad"]
[Site "Dresden GER"]
[Date "2008.11.20"]
[Round "7"]
[White "Georgiev,Ves"]
[Black "Takyrbashev,B"]
[Result "0-1"]
[WhiteElo "2372"]
[BlackElo "2142"]
[EventDate "2008.11.13"]

1. e4 c5 2. Nc3 e6 3. g3 d5 4. exd5 exd5 5. Bg2 Nf6 6. d3 Be7 7. Nge2 O-O
8. O-O d4 9. Ne4 Nc6 10. Nf4 Re8 11. Re1 Nxe4 12. dxe4 Bf8 13. Nd5 Be6 14.
c4 Ne5 15. b3 Qd7 16. Bf4 Ng6 17. Bd2 Bd6 18. f4 f5 19. e5 Bf8 20. b4 b5
21. bxc5 bxc4 22. Bb4 Bxd5 23. Qxd4 Be6 24. Qxd7 Bxd7 25. c6 Be6 26. Bd6
Rac8 27. c7 Re7 28. Red1 Rexc7 29. Bxc7 Rxc7 30. Bd5 Bxd5 31. Rxd5 Kf7 32.
Rc1 Ke6 33. Ra5 Bc5+ 34. Kf1 Bb6 35. Ra3 Ne7 36. Ke2 h6 37. h3 Nd5 38. Ra4
c3 39. Kf3 c2 40. Ra3 Bd4 41. Rb3 a5 42. Ke2 a4 0-1

[Event "38th Olympiad"]
[Site "Dresden GER"]
[Date "2008.11.20"]
[Round "7"]
[White "Salov,S"]
[Black "Davletbakov,S"]
[Result "0-1"]
[WhiteElo "2269"]
[BlackElo "2145"]
[EventDate "2008.11.13"]

1. e4 c5 2. Nf3 d6 3. c3 Nf6 4. Bd3 Nc6 5. Bc2 Bg4 6. h3 Bh5 7. d3 e6 8.
Nbd2 Be7 9. Nf1 Bg6 10. Ng3 Qb6 11. O-O d5 12. Qe2 dxe4 13. dxe4 O-O 14.
Nh4 Nd7 15. Nxg6 hxg6 16. f4 Rfe8 17. e5 Nf8 18. Ne4 Rad8 19. b3 Qa5 20.
Be3 b5 21. a3 c4 22. b4 Qc7 23. a4 a6 24. Nc5 Bxc5 25. Bxc5 Nd7 26. Bd6 Qc8
27. Rfd1 Nb6 28. axb5 axb5 29. Be4 Ne7 30. Ra5 Ned5 31. Qf3 Qc6 32. Kh1 Ra8
33. h4 f5 34. Bc2 Kf7 35. Kh2 Na4 36. Bxa4 Rxa5 37. bxa5 bxa4 38. Kg3 Qb5
39. h5 Rh8 40. Rh1 Rh6 41. Bb4 gxh5 42. Rxh5 Rg6+ 43. Kh2 a3 44. Bxa3 Qxa5
45. Bb4 Qb5 46. Bd6 Qb1 47. Rh8 Rg4 48. Rb8 Rh4+ 0-1

[Event "38th Olympiad"]
[Site "Dresden GER"]
[Date "2008.11.20"]
[Round "7"]
[White "Roselli Mailhe,B"]
[Black "Njobvu,I"]
[Result "1-0"]
[WhiteElo "2368"]
[BlackElo "2247"]
[EventDate "2008.11.13"]

1. d4 Nf6 2. c4 e6 3. Nf3 Bb4+ 4. Bd2 Qe7 5. g3 Nc6 6. Bg2 a5 7. O-O Bxd2
8. Nbxd2 d6 9. e4 e5 10. d5 Nb8 11. Ne1 Nbd7 12. Nd3 b6 13. f4 exf4 14.
gxf4 O-O 15. e5 Ne8 16. Re1 Rb8 17. Nf3 Nc5 18. Nd4 Qh4 19. Nc6 Ra8 20.
Nxc5 bxc5 21. Qd2 a4 22. Qe3 Bd7 23. Qg3 Qxg3 24. Ne7+ Kh8 25. hxg3 Rb8 26.
Rab1 g6 27. e6 Bc8 28. Nc6 Rb6 29. e7 Rg8 30. b3 Bf5 31. Be4 axb3 32. a4 b2
33. Bxf5 gxf5 34. Re3 Nf6 35. a5 Ra6 36. Rxb2 Raa8 37. Rb7 Ne4 38. Kg2 h5
39. Rxc7 Kg7 40. Rd7 Rae8 41. a6 Kf6 42. Rd8 h4 43. a7 Nxg3 44. a8=Q Ne4+
45. Kh2 1-0

[Event "38th Olympiad"]
[Site "Dresden GER"]
[Date "2008.11.20"]
[Round "7"]
[White "Khetho,P"]
[Black "Larrea,M"]
[Result "1/2-1/2"]
[WhiteElo "2229"]
[BlackElo "2267"]
[EventDate "2008.11.13"]

1. e4 c5 2. Nc3 Nc6 3. f4 g6 4. Nf3 Bg7 5. Bb5 Nd4 6. O-O Nxb5 7. Nxb5 d5
8. exd5 a6 9. Nc3 Nf6 10. d4 Nxd5 11. dxc5 Nxc3 12. Qxd8+ Kxd8 13. bxc3
Bxc3 14. Rb1 Kc7 15. Rb3 Bg7 16. Bd2 Be6 17. Ba5+ Kc6 18. Rb6+ Kxc5 19. Nd2
Bd4+ 20. Kh1 Bxa2 21. Rd1 f5 22. Rxb7 Kc6 23. Rxe7 Rae8 24. Rxe8 Rxe8 25.
Nb3 Bf6 26. Kg1 Re2 27. Rd2 Rxd2 28. Bxd2 Bb1 29. c3 Kd5 30. Na5 Ba2 31.
Kf2 Bd8 32. h3 Bb6+ 33. Kf3 Kc5 34. c4 Bxa5 35. Bxa5 Kxc4 36. g4 Bb1 37. g5
Kb5 38. Bc7 a5 39. Ke3 a4 40. Kd2 Kb4 41. Kc1 Be4 42. Kb2 a3+ 43. Ka1 Kb3
44. Bd6 a2 45. Be5 Bb1 46. Bg7 Kc2 47. Be5 Kd3 48. Bd6 Ke4 49. Kb2 Kf3 50.
Be5 Kg3 51. Ka1 Kxh3 52. Bd6 Kg4 53. Be5 Kf3 54. Kb2 Ke4 55. Bd6 Kd5
1/2-1/2

[Event "38th Olympiad"]
[Site "Dresden GER"]
[Date "2008.11.20"]
[Round "7"]
[White "Carvalho,Gu"]
[Black "Pitlagano,T"]
[Result "1-0"]
[WhiteElo "2249"]
[BlackElo "2155"]
[EventDate "2008.11.13"]

1. c4 Nf6 2. Nc3 g6 3. e4 d6 4. g3 Bg7 5. Bg2 O-O 6. Nge2 e5 7. O-O Nc6 8.
d3 Be6 9. Nd5 Ne7 10. Bg5 Bxd5 11. cxd5 c5 12. dxc6 Nxc6 13. Qd2 Qb6 14. h3
Nd7 15. Be3 Nd4 16. Bxd4 exd4 17. Rac1 Rac8 18. h4 Rc5 19. b4 Rb5 20. a3 a5
21. Rb1 axb4 22. a4 Ra5 23. Rxb4 Qa6 24. Rxb7 Nc5 25. Rb5 Rxa4 26. Rfb1 Ra2
27. Qd1 Qa3 28. e5 Bxe5 29. Bd5 Rxe2 30. Qxe2 Qxd3 31. Qxd3 Nxd3 32. Ra1
Nc5 33. Ra8 d3 34. Rxf8+ Kxf8 35. Kf1 Bd4 36. Rb4 Bc3 37. Rc4 Ba5 38. Rf4
f5 39. g4 d2 40. Ke2 Nd3 41. Rf3 Ne5 42. Ra3 Bb6 43. gxf5 gxf5 44. f3 Ng6
45. Kxd2 Nxh4 46. Rb3 Ba5+ 47. Kd3 Ng6 48. Rb7 Ne7 49. Be6 Be1 50. Rb5 f4
51. Rb7 Bh4 52. Rd7 Kg7 53. Rxd6 h5 54. Bh3 Bg5 55. Ke4 Kf7 56. Ke5 Kg7 57.
Ke6 Bh4 58. Rd7 Kf8 59. Rb7 Bg5 60. Rb8+ Kg7 61. Rb7 Kf8 62. Rb5 Bh4 63.
Rxh5 Bf2 64. Ra5 Bh4 65. Rh5 Bf2 66. Ra5 Bh4 67. Ra8+ Kg7 68. Ra7 Kf8 69.
Bf1 Bg5 70. Bd3 Bh4 71. Be4 Bg5 72. Ra5 Bh4 73. Rh5 Bg3 74. Rh7 Ng8 75. Bc6
1-0

[Event "38th Olympiad"]
[Site "Dresden GER"]
[Date "2008.11.20"]
[Round "7"]
[White "Barileng,G"]
[Black "Lopez Falcon,J"]
[Result "1-0"]
[WhiteElo "2107"]
[BlackElo "2206"]
[EventDate "2008.11.13"]

1. Nf3 Nf6 2. c4 g6 3. Nc3 Bg7 4. e4 d6 5. d4 O-O 6. Be2 e5 7. O-O Nc6 8.
d5 Ne7 9. b4 Ne8 10. c5 f5 11. a4 Nf6 12. Nd2 g5 13. exf5 Bxf5 14. Bb2 Ng6
15. Nc4 Nf4 16. Na5 Rb8 17. Rc1 dxc5 18. Ba3 Nxe2+ 19. Qxe2 Nxd5 20. Nxd5
Qxd5 21. Rxc5 Qd3 22. Qa2+ Kh8 23. Rxc7 Rbc8 24. Rxc8 Rxc8 25. Nxb7 Rc2 26.
Qf7 Bg6 27. Qe7 h6 28. Bc1 Qc3 29. Be3 Be4 30. Nd8 Bd5 31. Ne6 Bxe6 32.
Qxe6 Qxb4 33. Rd1 Qf8 34. h3 Rc7 35. a5 Re7 36. Qa6 Qb8 37. Rc1 Qb2 38.
Qc8+ Kh7 39. Qf5+ 1-0

[Event "38th Olympiad"]
[Site "Dresden GER"]
[Date "2008.11.20"]
[Round "7"]
[White "Samhouri,B"]
[Black "Elliott,W"]
[Result "1-0"]
[WhiteElo "2205"]
[BlackElo "2264"]
[EventDate "2008.11.13"]

1. d4 Nf6 2. c4 c5 3. d5 b5 4. Nf3 g6 5. Qc2 bxc4 6. e4 d6 7. Bxc4 Nbd7 8.
O-O Bg7 9. h3 O-O 10. Na3 Nb6 11. Bd2 e6 12. Bg5 exd5 13. exd5 h6 14. Bh4
Bf5 15. Bd3 Bxd3 16. Qxd3 g5 17. Bg3 Nh5 18. Rab1 f5 19. Rfe1 f4 20. Bh2
Nf6 21. Re6 Nfxd5 22. Nb5 Rf6 23. Rbe1 Qd7 24. Rxf6 Bxf6 25. Qg6+ Qg7 26.
Qe4 Rd8 27. b3 a6 28. Qe6+ Qf7 29. Nxd6 Qxe6 30. Rxe6 Kg7 31. Nb7 Rc8 32.
Nd6 Rb8 33. g3 Nc7 34. Re1 Rd8 35. gxf4 Rxd6 36. fxg5 Rd7 37. gxf6+ Kxf6
38. Ne5 Rg7+ 39. Ng4+ Kg5 40. Re5+ Kh4 41. Kg2 Rg5 42. Rxg5 Kxg5 43. Bxc7
Nd5 44. Bd6 Nc3 45. Bxc5 Nxa2 46. Be3+ Kg6 47. Bd2 h5 48. Ne5+ Kf5 49. Nc6
1-0

[Event "38th Olympiad"]
[Site "Dresden GER"]
[Date "2008.11.20"]
[Round "7"]
[White "Matthews,S"]
[Black "Mansour,Sam"]
[Result "0-1"]
[WhiteElo "2179"]
[BlackElo "2285"]
[EventDate "2008.11.13"]

1. e4 c5 2. Nf3 g6 3. d4 cxd4 4. Nxd4 Nc6 5. c4 Bg7 6. Be3 Nf6 7. Nc3 Ng4
8. Qxg4 Nxd4 9. Qd1 Ne6 10. Qd2 Qa5 11. Rc1 b6 12. Be2 Bb7 13. f3 d6 14.
O-O g5 15. a3 h5 16. Rfd1 Be5 17. b4 Qxa3 18. Nb5 Qa4 19. c5 bxc5 20. bxc5
Bc6 21. cxd6 Bxb5 22. Qd5 O-O 23. Bxb5 Qa3 24. Bc5 Nxc5 25. Qxe5 Qe3+ 26.
Kh1 exd6 27. Qxd6 Ne6 28. Qe5 Rac8 29. Rxc8 Rxc8 30. h4 Rc1 31. Rxc1 Qxc1+
32. Kh2 Qf4+ 33. Qxf4 gxf4 34. Bc4 Kg7 35. g3 Kf6 36. gxf4 Nxf4 37. Kg3 Ne6
38. f4 a5 39. e5+ Kg6 40. Bd3+ f5 41. Bb5 Nc5 42. Be8+ Kh6 43. Kf2 a4 44.
Ke3 a3 45. Bf7 Kg7 46. Bc4 Nd7 47. Kd2 Nf8 48. Kc3 Ng6 49. Be6 Nxf4 50.
Bxf5 Ne2+ 0-1

[Event "38th Olympiad"]
[Site "Dresden GER"]
[Date "2008.11.20"]
[Round "7"]
[White "Mohannad,F"]
[Black "Rowe,D"]
[Result "0-1"]
[WhiteElo "2269"]
[BlackElo "2203"]
[EventDate "2008.11.13"]

1. d4 Nf6 2. c4 e6 3. Nc3 c5 4. d5 exd5 5. cxd5 d6 6. e4 g6 7. f4 Bg7 8.
Bb5+ Nfd7 9. Bd3 O-O 10. Nf3 Na6 11. O-O Rb8 12. Kh1 Nc7 13. a4 a6 14. f5
b5 15. Bg5 f6 16. Be3 Ne5 17. Nxe5 fxe5 18. Qg4 bxa4 19. Qg3 Qe8 20. Bg5
Nb5 21. f6 Bh8 22. Nxa4 Nd4 23. Nc3 Rb6 24. h4 Rf7 25. h5 Qd7 26. Bh4 Qg4
27. Qxg4 Bxg4 28. Bxa6 gxh5 29. Bc4 h6 30. Ra8+ Kh7 31. b3 Rbb7 32. Rd8 Bd7
33. Ne2 Nxb3 34. Bxb3 Rxb3 35. Ra1 Rb7 36. Raa8 Bxf6 37. Bxf6 Rxf6 38. Rh8+
Kg6 39. Ng3 Bg4 40. Rag8+ Rg7 41. Rd8 h4 42. Nf5 Bxf5 43. exf5+ Kxf5 44.
Ra8 Ke4 45. Ra4+ Kxd5 46. Rxh4 Rf1+ 47. Kh2 Rf2 48. R8xh6 Rfxg2+ 49. Kh1
R2g4 50. R4h5 R7g5 0-1

[Event "38th Olympiad"]
[Site "Dresden GER"]
[Date "2008.11.20"]
[Round "7"]
[White "Wilson,Br"]
[Black "Samhouri,A"]
[Result "0-1"]
[WhiteElo "2112"]
[BlackElo "2378"]
[EventDate "2008.11.13"]

1. e4 c5 2. Nc3 a6 3. f4 b5 4. Nf3 Bb7 5. d3 e6 6. Be2 d6 7. O-O Nf6 8. a4
b4 9. Nb1 c4 10. Nbd2 cxd3 11. Bxd3 Nbd7 12. e5 dxe5 13. Qe2 exf4 14. Nc4
Nd5 15. Nfe5 Nxe5 16. Qxe5 Bc5+ 17. Kh1 O-O 18. Rf3 g6 19. b3 Qe7 20. Na5
Bd6 21. Qe1 Bc8 22. Bd2 Bc7 23. Nc6 Qf6 24. Nxb4 Bb7 25. Nxd5 Bxd5 26. Bc3
Qg5 27. Be4 Rfd8 28. Bb2 Bxe4 29. Qxe4 Qd5 30. Qxd5 Rxd5 31. c4 Rd2 32. Bc3
Rc2 33. Rd1 e5 34. Be1 Rb8 35. Kg1 e4 36. Rc3 Rxc3 37. Bxc3 Rxb3 38. Bf6 h6
39. Rd7 Bb6+ 40. Kf1 f3 41. gxf3 Rxf3+ 0-1

[Event "38th Olympiad"]
[Site "Dresden GER"]
[Date "2008.11.20"]
[Round "7"]
[White "Adu,O"]
[Black "Boshku,H"]
[Result "0-1"]
[WhiteElo "2298"]
[BlackElo "2308"]
[EventDate "2008.11.13"]

1. e4 c5 2. Nf3 g6 3. d3 Bg7 4. g3 Nc6 5. Bg2 d6 6. O-O Rb8 7. a4 a6 8. c3
e5 9. Na3 Nge7 10. Nc4 Be6 11. Ng5 b5 12. Nxe6 fxe6 13. axb5 axb5 14. Ne3
O-O 15. Bh3 Qd7 16. Qb3 Nd8 17. Ra6 Nc8 18. Bd2 Kh8 19. f4 exf4 20. gxf4
Qb7 21. Raa1 c4 22. dxc4 Qxe4 23. Bg2 Qd3 24. Rad1 Bd4 25. Rf3 Ba7 26. Kh1
bxc4 27. Qa4 Bxe3 28. Bxe3 Ra8 29. Qxa8 Qxd1+ 30. Bg1 Ne7 31. Rf1 Qb3 32.
Rf2 Kg8 33. Qa7 Nf5 34. Rd2 Qb5 35. Qc7 Nf7 36. Bc6 Qb8 37. Qd7 Ng7 38. Bd4
d5 39. Rf2 Qd6 40. Qxd6 Nxd6 41. Bd7 Rd8 42. Ba4 Kf7 43. b4 cxb3 44. Bxb3
Rc8 45. Ra2 Rb8 46. Bc2 Rb7 47. Ra8 Ngf5 48. Bg1 Rc7 49. Bxf5 Nxf5 50. Ra7
Rxa7 51. Bxa7 g5 52. fxg5 Kg6 53. Kg2 Kxg5 54. Bb8 Ne3+ 55. Kf3 Nd1 56. c4
dxc4 57. Ke4 Kg4 58. Bd6 h5 59. Be5 h4 60. Bf6 h3 61. Be5 c3 62. Kd3 Kf3
63. Bb8 Kg2 64. Bf4 Nf2+ 65. Kxc3 Ng4 66. Kd3 Nxh2 67. Kd4 0-1

[Event "38th Olympiad"]
[Site "Dresden GER"]
[Date "2008.11.20"]
[Round "7"]
[White "Rama,L"]
[Black "Adebayo,A"]
[Result "1-0"]
[WhiteElo "2297"]
[BlackElo "2266"]
[EventDate "2008.11.13"]

1. c4 e5 2. Nc3 c6 3. Nf3 d6 4. d4 Nd7 5. e4 Ngf6 6. Be2 Be7 7. O-O O-O 8.
b3 Re8 9. d5 a6 10. Bb2 c5 11. Ne1 Nf8 12. Nc2 Bd7 13. a3 b5 14. b4 cxb4
15. axb4 bxc4 16. Bxc4 a5 17. b5 Qc7 18. Bd3 Rec8 19. Ne3 Be8 20. Nf5 Bd8
21. Na4 Bd7 22. b6 Qb8 23. Nxd6 Bxa4 24. Qxa4 Qxb6 25. Bxe5 Qc7 26. Bg3 Qc3
27. Nxc8 Qxd3 28. Nd6 N6d7 29. Rfd1 Qa6 30. e5 Bb6 31. Qf4 f6 32. e6 Ng6
33. Qc4 1-0

[Event "38th Olympiad"]
[Site "Dresden GER"]
[Date "2008.11.20"]
[Round "7"]
[White "De la Riva Aguado,O"]
[Black "Ermenkov,Evgenij"]
[Result "1/2-1/2"]
[WhiteElo "2537"]
[BlackElo "2465"]
[EventDate "2008.11.13"]

1. e4 c5 2. Nf3 d6 3. d4 Nf6 4. Nc3 cxd4 5. Nxd4 Nc6 6. Bg5 Bd7 7. Qd2 Rc8
8. O-O-O Nxd4 9. Qxd4 Qa5 10. f4 e6 11. e5 dxe5 12. fxe5 Bc6 13. Bb5 Bxb5
14. exf6 Bc6 15. h4 Bc5 16. Qg4 g6 17. Rhe1 O-O 18. h5 Rfd8 19. hxg6 hxg6
20. Rxd8+ Rxd8 21. Rh1 Bf2 22. Rd1 Rxd1+ 23. Nxd1 Bc5 24. Qg3 Bd6 25. Bf4
e5 26. Bh6 Qxa2 27. Bg7 Qa1+ 28. Kd2 Qa5+ 29. Kc1 Qa1+ 30. Kd2 Bb4+ 31. c3
Ba4 32. Qg4 Qxd1+ 33. Qxd1 Bxd1 34. cxb4 Ba4 35. Bh6 Bc6 36. g4 Bd7 37. Ke3
Kh7 38. g5 Kg8 1/2-1/2